书目信息 |
| 题名: |
控制测量学
|
|
| 作者: | 王岩 主编 | |
| 分册: | ||
| 出版信息: | 北京 清华大学出版社 2015.08 |
|
| 页数: | 267页 | |
| 开本: | 26cm | |
| 丛书名: | ||
| 单 册: | ||
| 中图分类: | P221 | |
| 科图分类: | ||
| 主题词: | 控制测量--kong zhi ce liang--高等学校--教材 | |
| 电子资源: | ||
| ISBN: | 978-7-302-39801-1 | |
| 000 | 00894nam0 2200241 450 | |
| 001 | 0106081813 | |
| 005 | 20201106082044.0 | |
| 010 | @a978-7-302-39801-1@dCNY48.00 | |
| 100 | @a20160109e20202015em y0chiy50 ea | |
| 101 | 0 | @achi |
| 102 | @aCN@b110000 | |
| 105 | @ay z 000yy | |
| 106 | @ar | |
| 200 | 1 | @a控制测量学@Akong zhi ce liang xue@f王岩主编 |
| 210 | @a北京@c清华大学出版社@d2015.08@h2020.02 | |
| 215 | @a267页@c图@d26cm | |
| 300 | @a全国高等院校测绘专业规划教材 | |
| 330 | @a本书分9章介绍了控制测量学的基础理论与基本方法,分别从控制测量的基准、地球椭球与坐标系统的基本知识、控制网的技术设计与实施、控制测量数据处理的方法、GNSS的基础知识等方面对控制测量工作所涉及的知识进行阐述。 | |
| 606 | 0 | @a控制测量@Akong zhi ce liang@x高等学校@j教材 |
| 690 | @aP221@v5 | |
| 701 | 0 | @c(满)@a王岩@Awang yan@f(1979-)@4主编 |
| 801 | 0 | @aCN@bBJSZM@c20201106 |
| 905 | @b1191844-7@dP221@e335@f4 | |
| 控制测量学/王岩主编.-北京:清华大学出版社,2015.08(2020.02) |
| 267页:图;26cm |
| 全国高等院校测绘专业规划教材 |
| ISBN 978-7-302-39801-1:CNY48.00 |
| 本书分9章介绍了控制测量学的基础理论与基本方法,分别从控制测量的基准、地球椭球与坐标系统的基本知识、控制网的技术设计与实施、控制测量数据处理的方法、GNSS的基础知识等方面对控制测量工作所涉及的知识进行阐述。 |
| ● |
| 相关链接 |
|
|
|
|
正题名:控制测量学
索取号:P221/335
 
预约/预借
| 序号 | 登录号 | 条形码 | 馆藏地/架位号 | 状态 | 备注 |
| 1 | 1191844 | 211918442 | 第二样本阅览室/ [索取号:P221/335] | 在馆 | |
| 2 | 1191845 | 211918451 | 第三借阅区/ [索取号:P221/335] | 在馆 | |
| 3 | 1191846 | 211918460 | 第三借阅区/ [索取号:P221/335] | 在馆 | |
| 4 | 1191847 | 211918479 | 第三借阅区/ [索取号:P221/335] | 在馆 |